000 00315nam a2200145Ia 4500
100 _aPrakash Nirmala/Mrs
942 _cBK
654 _ageometry
245 _aDifferential Geometry
260 _bTata Mc Graw hill
_aNew Delhi
_c1985
082 _a516.36
_bPRA
300 _a414
546 _aENGLISH
999 _c22191
_d22191